| Tag |
First Indicator |
Second Indicator |
Subfields |
| LEADER |
00000pam a2200000 a 4500 |
| 001 |
in00002072012 |
| 005 |
20151102051957.0 |
| 008 |
041028s2005 enka b 001 0 eng |
| 015 |
|
|
|a GBA483875
|2 bnb
|
| 016 |
7 |
|
|a 013045929
|2 Uk
|
| 020 |
|
|
|a 0713669845 (pbk.)
|
| 020 |
|
|
|a 0812219252 (Univ. of Pennsylvania Press)
|
| 024 |
3 |
|
|a 9780713669848
|
| 035 |
|
|
|a (OCoLC)ocm57061421
|
| 040 |
|
|
|a UKM
|c UKM
|d TXA
|d UtOrBLW
|
| 042 |
|
|
|a ukblsr
|
| 049 |
|
|
|a TXAM
|
| 082 |
0 |
4 |
|a 738.127
|2 22
|
| 090 |
|
|
|a TP823
|b .C74 2005
|
| 100 |
1 |
|
|a Creber, Diane.
|
| 245 |
1 |
0 |
|a Crystalline glazes /
|c Diane Creber.
|
| 250 |
|
|
|a 2nd ed.
|
| 264 |
|
1 |
|a London :
|b A. & C. Black,
|c 2005.
|
| 300 |
|
|
|a 128 pages :
|b illustrations (some color) ;
|c 24 cm.
|
| 336 |
|
|
|a text
|b txt
|2 rdacontent
|
| 337 |
|
|
|a unmediated
|b n
|2 rdamedia
|
| 338 |
|
|
|a volume
|b nc
|2 rdacarrier
|
| 490 |
1 |
|
|a Ceramics handbooks
|
| 500 |
|
|
|a Previous edition: 1997.
|
| 504 |
|
|
|a Includes bibliographical references and index.
|
| 650 |
|
0 |
|a Crystalline glazes.
|
| 830 |
|
0 |
|a Ceramics handbooks.
|
| 994 |
|
|
|a C0
|b TXA
|
| 948 |
|
|
|a cataloged
|b h
|c 2005/8/23
|d c
|e bwalker
|f 11:20:23 am
|
| 999 |
|
|
|a MARS
|
| 999 |
f |
f |
|s d587f8bf-0351-30fa-a61d-e917dac34834
|i 2f1609c9-75d3-3b7d-b0cf-5861c9692139
|t 0
|
| 952 |
f |
f |
|p ric
|a Texas A&M University
|b Rellis Campus
|c Joint Library Facility
|d Remote Storage
|t 0
|e TP823 .C74 2005
|h Library of Congress classification
|i unmediated -- volume
|m A14832913422
|
| 998 |
f |
f |
|a TP823 .C74 2005
|t 0
|l Remote Storage
|